000 00762nam a2200241Ia 4500
003 OSt
005 20231016114427.0
008 210716s2014 xx 000 0 und d
020 _a9789339218348
040 _cAIMIT LIBRARY
041 _aeng
082 _a374.22
_21
_bCRAS
100 _aCrainer, Stuart.
_9138054
245 _aBusiness thought leaders from India /
_cBy Stuart Crainer and Des Dearlove.
250 _a1st ed.
260 _aNew Delhi :
_bMc Graw Hill Book Company ,
_c2014.
300 _aviii,174p. ;
_bPB
_c21.5 cm.
650 _aGeneral Management
_9138055
651 _aThe rise of Indian thinking
_9138056
651 _aThe kings of contextThinking t
_9138057
700 _aDearlove, Des.
_9138058
942 _2ddc
_cBK
_e1st
_k374.22 CRAS
999 _c209382
_d209382